[Event "Monarch Assurance Isle of Man"]
[Site "Port Erin IOM"]
[Date "2004.09.27"]
[Round "3.37"]
[White "Twitchell, Neville"]
[Black "Zawadzka, Jolanta"]
[Result "0-1"]
[WhiteElo "2003"]
[BlackElo "2272"]
[PlyCount "70"]
[EventDate "2004.09.25"]

1. e4 e5 2. Nf3 Nc6 3. Bb5 a6 4. Bxc6 dxc6 5. O-O Qd6 6. d4 exd4 7. Nxd4 Bd7 8.
Nc3 O-O-O 9. Be3 Qg6 10. f4 c5 11. f5 Bxf5 12. exf5 Qf6 13. Qg4 h5 14. Qf3 cxd4
15. Ne4 Qc6 16. Bf4 Be7 17. Rad1 Nf6 18. Ng3 Qxf3 19. Rxf3 Rhf8 20. h3 Nd5 21.
h4 Bc5 22. Ne4 Bb6 23. Kh1 Ne3 24. Rc1 Rfe8 25. Ng5 Rd7 26. Bg3 Ba5 27. Be1
Bxe1 28. Rxe1 Re5 29. f6 g6 30. Nh3 c5 31. Nf4 Rf5 32. c3 Rxf6 33. cxd4 cxd4
34. Ne2 Rxf3 35. gxf3 d3 0-1

[Event "Monarch Assurance Isle of Man"]
[Site "Port Erin IOM"]
[Date "2004.09.27"]
[Round "3.38"]
[White "Werner, Gert"]
[Black "Arakhamia, K."]
[Result "0-1"]
[WhiteElo "2085"]
[BlackElo "2446"]
[PlyCount "48"]
[EventDate "2004.09.25"]

1. c4 Nf6 2. Nc3 g6 3. g3 Bg7 4. Bg2 c5 5. e3 O-O 6. Nge2 Na6 7. d4 d6 8. O-O
Nc7 9. b3 Nd7 10. Bb2 Rb8 11. Qc1 a6 12. Rd1 b5 13. dxc5 Nxc5 14. b4 N5e6 15.
c5 Bb7 16. Bxb7 Rxb7 17. cxd6 exd6 18. Nd5 Nxd5 19. Rxd5 Rc7 20. Qd2 Ng5 21.
Kg2 Ne4 22. Qd3 Bxb2 23. Rb1 Nf6 24. Rxd6 Qa8+ 0-1

[Event "Monarch Assurance Isle of Man"]
[Site "Port Erin IOM"]
[Date "2004.09.27"]
[Round "3.39"]
[White "Cannon, Richard"]
[Black "Hutchinson, Paul"]
[Result "0-1"]
[WhiteElo "2060"]
[BlackElo "2216"]
[PlyCount "78"]
[EventDate "2004.09.25"]

1. e4 c6 2. d4 d5 3. exd5 cxd5 4. Bd3 Nf6 5. c3 Nc6 6. Bf4 Bg4 7. Qb3 Qd7 8.
Nd2 e6 9. Ngf3 Bd6 10. Bxd6 Qxd6 11. Qxb7 Rb8 12. Qa6 O-O 13. b4 Rb6 14. Qa4 e5
15. b5 e4 16. bxc6 Bxf3 17. Bf1 Bh5 18. Qc2 Re8 19. Nb3 Qf4 20. Be2 Bxe2 21.
Qxe2 Rxc6 22. Nc5 Ng4 23. Nd3 Qb8 24. Nc5 Nxh2 25. Kd1 Rg6 26. g3 Nf3 27. Kc2
Rb6 28. Rab1 Qc8 29. Qe3 Qc6 30. Qf4 h6 31. Rb3 Ne5 32. Rhb1 Nc4 33. Re1 Qg6
34. Kc1 Rf6 35. Rb8 Rxf4 36. Rxe8+ Kh7 37. gxf4 Qf5 38. Re2 Qxf4+ 39. Kc2 Qf3
0-1

[Event "Monarch Assurance Isle of Man"]
[Site "Port Erin IOM"]
[Date "2004.09.27"]
[Round "3.41"]
[White "Marks, Ian"]
[Black "Dunn, Andrew"]
[Result "0-1"]
[WhiteElo "1884"]
[BlackElo "2192"]
[PlyCount "68"]
[EventDate "2004.09.25"]

1. e4 c6 2. d4 d5 3. Nc3 dxe4 4. Nxe4 Bf5 5. Ng3 Bg6 6. Nf3 Nd7 7. h4 h6 8. h5
Bh7 9. Bd3 Bxd3 10. Qxd3 Qc7 11. Bd2 Ngf6 12. O-O-O e6 13. Kb1 O-O-O 14. Ne4
Nxe4 15. Qxe4 Bd6 16. c4 c5 17. Bc3 Nf6 18. Qe2 Rhe8 19. Ne5 Bxe5 20. dxe5 Ng8
21. Qg4 Qc6 22. f3 Rd7 23. Qxg7 Red8 24. Rxd7 Qxd7 25. Qh7 Ne7 26. Qc2 Nf5 27.
Re1 Ng3 28. Qf2 Qd3+ 29. Kc1 Nxh5 30. Qxc5+ Kb8 31. Qe3 Qxc4 32. Qxh6 Nf4 33.
Re4 Qf1+ 34. Kc2 Qd1# 0-1

[Event "Monarch Assurance Isle of Man"]
[Site "Port Erin IOM"]
[Date "2004.09.27"]
[Round "3.42"]
[White "Dossett, Christopher"]
[Black "Almond, Richard J"]
[Result "0-1"]
[WhiteElo "1886"]
[BlackElo "2158"]
[PlyCount "50"]
[EventDate "2004.09.25"]

1. Nf3 d5 2. c4 c6 3. d4 Nf6 4. Nbd2 Bf5 5. g3 h6 6. Bg2 e6 7. O-O Nbd7 8. b3
Be7 9. Bb2 O-O 10. e3 Ne4 11. Ne5 Nxe5 12. dxe5 Nc5 13. Ba3 Nd3 14. Bxe7 Qxe7
15. f4 Qc5 16. Qe2 Nb4 17. Rfc1 Nc2 18. cxd5 cxd5 19. Kf2 Qb6 20. Rab1 Nb4 21.
Nf3 Bxb1 22. Rxb1 Rac8 23. Nd4 Rc3 24. Bf1 Rfc8 25. Qg4 Nc2 0-1

[Event "Monarch Assurance Isle of Man"]
[Site "Port Erin IOM"]
[Date "2004.09.27"]
[Round "3.43"]
[White "Goodger, Martyn"]
[Black "Henrichsen, Jens"]
[Result "1-0"]
[WhiteElo "2136"]
[BlackElo "2084"]
[PlyCount "77"]
[EventDate "2004.09.25"]

1. e4 c5 2. c3 d5 3. exd5 Qxd5 4. d4 Nf6 5. Nf3 e6 6. Be3 Nc6 7. dxc5 Qxd1+ 8.
Kxd1 Ng4 9. b4 a5 10. Bb5 Nxe3+ 11. fxe3 Bd7 12. Nbd2 axb4 13. Bxc6 Bxc6 14.
cxb4 g5 15. Nxg5 Bg7 16. Rb1 Rxa2 17. b5 Bxg2 18. Rg1 h6 19. Nxe6 fxe6 20. Rxg2
Bc3 21. Rb3 Bxd2 22. Rxd2 Rxd2+ 23. Kxd2 Rg8 24. Kd3 Kd7 25. Rb4 Rg5 26. Rd4+
Kc7 27. Kc4 Rg2 28. b6+ Kc8 29. Rd6 Rxh2 30. Rxe6 Rc2+ 31. Kd5 Rd2+ 32. Ke5 Rc2
33. Kd5 Rd2+ 34. Ke4 Rc2 35. Kd4 Rd2+ 36. Kc3 Rd5 37. Kc4 Rh5 38. Re8+ Kd7 39.
Rb8 1-0

[Event "Monarch Assurance Isle of Man"]
[Site "Port Erin IOM"]
[Date "2004.09.27"]
[Round "3.44"]
[White "Hagesaether, Arne"]
[Black "Webster, Richard"]
[Result "1/2-1/2"]
[WhiteElo "2101"]
[BlackElo "2008"]
[PlyCount "69"]
[EventDate "2004.09.25"]

1. e4 e6 2. d4 d5 3. Nc3 Nf6 4. e5 Nfd7 5. Nce2 c5 6. c3 Nc6 7. f4 Be7 8. Nf3
f6 9. g3 fxe5 10. fxe5 cxd4 11. cxd4 O-O 12. Bg2 Qb6 13. a3 Na5 14. b4 Nc4 15.
Bf4 a5 16. Qa4 Nxa3 17. Rxa3 Bxb4+ 18. Kf2 Bxa3 19. Qxa3 g5 20. Nxg5 Nxe5 21.
Qe7 Ng4+ 22. Kf3 Nf6 23. Be5 Qb3+ 24. Kf4 Qd3 25. Bxf6 Qf5+ 26. Ke3 Rxf6 27.
Rf1 Qxg5+ 28. Rf4 Rf5 29. Qe8+ Kg7 30. h4 Qg6 31. Qe7+ Rf7 32. Rxf7+ Qxf7 33.
Qg5+ Kf8 34. Qd8+ Kg7 35. Qg5+ 1/2-1/2

[Event "Monarch Assurance Isle of Man"]
[Site "Port Erin IOM"]
[Date "2004.09.27"]
[Round "3.45"]
[White "Mannion, Stephen"]
[Black "De Lagontrie, Jean"]
[Result "1-0"]
[WhiteElo "2333"]
[BlackElo "1968"]
[PlyCount "63"]
[EventDate "2004.09.25"]

1. e4 c5 2. Nf3 Nc6 3. d4 cxd4 4. Nxd4 Nf6 5. Nc3 e5 6. Ndb5 d6 7. Bg5 a6 8.
Na3 b5 9. Bxf6 gxf6 10. Nd5 f5 11. Bd3 Be6 12. O-O Bxd5 13. exd5 Ne7 14. Re1
Bg7 15. c3 e4 16. Bf1 O-O 17. Qh5 b4 18. cxb4 Bxb2 19. Rab1 Bg7 20. Nc4 Kh8 21.
Rb3 Nxd5 22. Rh3 h6 23. Qxf5 Nf6 24. Qf4 d5 25. Nd6 Ra7 26. Nf5 Ng8 27. Nxh6
Nxh6 28. Rxh6+ Kg8 29. Re3 f5 30. Rg3 Qb8 31. Qh4 Qe5 32. Qh5 1-0

[Event "Monarch Assurance Isle of Man"]
[Site "Port Erin IOM"]
[Date "2004.09.27"]
[Round "3.46"]
[White "Fraser-Mitchell, J."]
[Black "Waugh, Jonathan C"]
[Result "1/2-1/2"]
[WhiteElo "2082"]
[BlackElo "1885"]
[PlyCount "79"]
[EventDate "2004.09.25"]

1. d4 Nf6 2. c4 g6 3. f3 Bg7 4. e4 d6 5. Nc3 c6 6. Be3 a6 7. Qd2 Nbd7 8. Nh3 b5
9. cxb5 axb5 10. Be2 O-O 11. O-O b4 12. Nd1 Qa5 13. Nhf2 Ba6 14. Bxa6 Rxa6 15.
Nd3 c5 16. dxc5 dxc5 17. Rc1 Rd8 18. Qf2 c4 19. Rxc4 Qb5 20. Qc2 Rxa2 21. Rxb4
Qa6 22. Nc3 Ra1 23. Rxa1 Qxa1+ 24. Nc1 Qa6 25. Qa4 Qd6 26. Qa5 Rc8 27. N1e2 Ne5
28. Rd4 Qb8 29. Qb4 Qc7 30. Nd5 Nxd5 31. Rxd5 Qc2 32. Qd2 Qxd2 33. Bxd2 Nc4 34.
b4 Nxd2 35. Rxd2 Rb8 36. Rc2 Rxb4 37. Rc8+ Bf8 38. Nf4 e6 39. h4 Kg7 40. Kf2
1/2-1/2

[Event "Monarch Assurance Isle of Man"]
[Site "Port Erin IOM"]
[Date "2004.09.27"]
[Round "3.47"]
[White "Fairbairn, Stephen"]
[Black "Pemberton, Clive"]
[Result "1-0"]
[WhiteElo "2057"]
[BlackElo "1883"]
[PlyCount "41"]
[EventDate "2004.09.25"]

1. Nf3 Nf6 2. g3 b6 3. Bg2 Bb7 4. c4 e6 5. O-O g6 6. Nc3 Bg7 7. d4 O-O 8. Bg5
c5 9. d5 h6 10. Bf4 exd5 11. cxd5 Nh5 12. Bd6 Re8 13. e4 Na6 14. Re1 Nc7 15. e5
Bf8 16. Bxc7 Qxc7 17. d6 Qc6 18. Nh4 Qc8 19. Nd5 g5 20. Qxh5 Bxd5 21. Bxd5 1-0

[Event "Monarch Assurance Isle of Man"]
[Site "Port Erin IOM"]
[Date "2004.09.27"]
[Round "3.48"]
[White "Spanton, Tim"]
[Black "Nicholson, John"]
[Result "1-0"]
[WhiteElo "2004"]
[BlackElo "1880"]
[PlyCount "51"]
[EventDate "2004.09.25"]

1. g3 e5 2. c4 Nf6 3. Bg2 c6 4. d4 exd4 5. Qxd4 d5 6. Bg5 Be6 7. Bxf6 gxf6 8.
cxd5 cxd5 9. Nf3 Nc6 10. Qa4 Qb6 11. Nbd2 Rg8 12. O-O Rg4 13. Qc2 f5 14. e3 Rc8
15. Qd1 Bh6 16. Bh3 Rb4 17. Nb3 a5 18. Nfd4 Nxd4 19. Nxd4 Rxb2 20. Qh5 Bd7 21.
Bxf5 Bxf5 22. Qxf5 Rc3 23. Qe5+ Kd7 24. Qxd5+ Ke8 25. Qe5+ Kd7 26. Rad1 1-0